Job evaluation : (Record no. 16111)
[ view plain ]
| 000 -LEADER | |
|---|---|
| fixed length control field | 00916cam a22003011 4500 |
| 001 - CONTROL NUMBER | |
| control field | 16111 |
| 003 - CONTROL NUMBER IDENTIFIER | |
| rucl marc code | BD-RjUL |
| 005 - DATE AND TIME OF LATEST TRANSACTION | |
| control field | 20211208235944.0 |
| 008 - FIXED-LENGTH DATA ELEMENTS--GENERAL INFORMATION | |
| fixed length control field | 140211r19681964ilua b 001 0 eng |
| 035 ## - SYSTEM CONTROL NUMBER | |
| System control number | (BD-RjUL)16166 |
| System control number | (OCoLC)517493 |
| 040 ## - CATALOGING SOURCE | |
| Original cataloging agency | DLC |
| Transcribing agency | GACCLC |
| Modifying agency | OCoLC |
| -- | DLC |
| -- | BD-RjUL |
| Language of cataloging | eng |
| 041 ## - LANGUAGE CODE | |
| Language code of text/sound track or separate title | eng |
| 082 04 - DEWEY DECIMAL CLASSIFICATION NUMBER | |
| Classification number | 658.322 |
| Author mark and year | PAJ 1968 |
| 100 1# - MAIN ENTRY--PERSONAL NAME | |
| Personal name | Patton, John A. |
| 9 (RLIN) | 49871 |
| 245 10 - TITLE STATEMENT | |
| Title | Job evaluation : |
| Remainder of title | text and cases / |
| Statement of responsibility, etc. | by John A. Patton, C. L. Littlefield and Stanley Allen Self. |
| 250 ## - EDITION STATEMENT | |
| Edition statement | 3rd ed. |
| 260 ## - PUBLICATION, DISTRIBUTION, ETC. (IMPRINT) | |
| Place of publication, distribution, etc. | Homewood : |
| Name of publisher, distributor, etc. | R.D. Irwin, |
| Date of publication, distribution, etc. | c1964 [printing 1968] |
| 300 ## - PHYSICAL DESCRIPTION | |
| Pagination | xv, 487 p. : |
| Illustrations | illus. ; |
| Size | 24 cm. |
| 490 0# - SERIES STATEMENT | |
| Series statement | The Irwin series in management |
| 504 ## - BIBLIOGRAPHY, ETC. NOTE | |
| Bibliography, etc | includes index. |
| 650 #0 - SUBJECT ADDED ENTRY--TOPICAL TERM | |
| Topical term or geographic name as entry element | Job analysis. |
| 9 (RLIN) | 42093 |
| 700 1# - ADDED ENTRY--PERSONAL NAME | |
| Personal name | Littlefield, C. L. |
| Personal name | Self, stanley allen. |
| 942 ## - ADDED ENTRY ELEMENTS (KOHA) | |
| Source of classification or shelving scheme | Dewey Decimal Classification |
| Koha item type | Books |
| Lost status | Source of classification or shelving scheme | Damaged status | Not for loan | Collection code | Permanent Location | Current Location | Shelving location | Date acquired | Source of acquisition | Cost, normal purchase price | Total Checkouts | Full call number | Date last seen | Copy number | Koha item type |
|---|---|---|---|---|---|---|---|---|---|---|---|---|---|---|---|
| Dewey Decimal Classification | Not For Loan | Non-fiction | Central Library, University of Rajshahi | Central Library, University of Rajshahi | Reading Room | 30/03/1970 | zeithinger | 86.00 | 658.322 PAJ 1968 | 11/02/2014 | C-1 | Books | |||
| Dewey Decimal Classification | Non-fiction | Central Library, University of Rajshahi | Central Library, University of Rajshahi | 12/09/1967 | Sweets & Zeitlinger | 70.00 | 658.322 PAJ 1964 | 25/07/2019 | C-2 | Books | |||||
| Dewey Decimal Classification | Non-fiction | Central Library, University of Rajshahi | Central Library, University of Rajshahi | 12/09/1967 | Swets & Zeitlinger | 70.00 | 658.322 PAJ 1964 | 01/09/2019 | C-3 | Books | |||||
| Dewey Decimal Classification | Non-fiction | Central Library, University of Rajshahi | Central Library, University of Rajshahi | 18/04/1967 | Zeitlinger | 70.00 | 658.322 PAJ 1964 | 01/09/2019 | C-4 | Books |